|
|
|
|
| LEADER |
00000csc a2200000 a 4500 |
| 001 |
11896-1 |
| 005 |
20230308214722.0 |
| 008 |
967101|1967 ||||||||r|||||||||||spa|| |
| 040 |
|
|
|b spa
|
| 041 |
1 |
|
|a spa
|
| 082 |
0 |
|
|a 618.9
|
| 245 |
|
|
|a Enfermedades gastrointestinales
|c William M. Michener director; Homero Vela Triviño editor
|h imp
|n 1/4
|
| 264 |
|
|
|a México
|b Interamericana
|c 1967
|
| 300 |
|
|
|a VIII, pp 1-297
|b dia
|
| 300 |
|
|
|c 22x16 cm
|
| 310 |
|
|
|a Trimestral
|
| 490 |
|
|
|a Clínicas Pediátricas de Norteamérica
|v volumen 1/4
|
| 504 |
|
|
|a incl. ref.
|
| 650 |
1 |
|
|a Enfermedades gastrointestinales
|9 86072
|
| 650 |
|
|
|a Disfagia bucal
|9 299424
|
| 650 |
|
|
|a Faríngea en lactantes
|9 299425
|
| 650 |
|
|
|a Aparato gastrointestinal
|9 216425
|
| 650 |
|
|
|a Enteritis regional
|9 215507
|
| 650 |
|
|
|a Megalón congénitos
|9 299426
|
| 700 |
|
|
|a Michener, William M.
|e director
|9 299427
|
| 700 |
|
|
|a Vela Triviño, Homero
|e editor
|
| 773 |
|
|
|t Enfermedades gastrointestinales
|
| 852 |
|
|
|a UC-SALUD
|c ESTANTERIA ABIERTA
|f Compra
|k teresa.bermeoh
|l 1
|m General
|p 19671019/20130315
|q S/. 125
|t 11896-1
|b 0
|d CDRS
|e CDRS
|g 618.9 ESTANTERIA ABIERTA
|z 1967-71-01
|
| 942 |
|
|
|
| 999 |
|
|
|c 129021
|d 129021
|